| 000 | 00408nam a22001337a 4500 | ||
|---|---|---|---|
| 082 |
_a620.191 _bLIU |
||
| 100 |
_aEvett,Jack B. _938780 |
||
| 245 |
_aSoil properties :testing, measurement and evaluation _cEvett,Jack B. |
||
| 260 |
_aNew Jersey _bPrentice-Hall, Englewood Cliffs |
||
| 300 |
_aviii, 315 p. _bill. _c28 cm. |
||
| 526 |
_a0 _b0 _c0 _d620_191000000000000_LIU |
||
| 650 |
_aMCE _9379 |
||
| 942 |
_2ddc _cBK |
||
| 999 |
_c547466 _d547466 |
||